000 02156nam a22003497a 4500
005 20100809120424.0
010 _aENG-99051 B-423539-543
020 _a9788175348424
_c325.00
035 _aEN-82583
035 _aB-423539-543
037 _bDBAD/PUB
037 _bAllied Publishers
082 _a344.5401
100 _aKumar, H. L.
_930824
245 _aLaw relating to leave holidays and absenteeism in industries /
_cby H. L. Kumar [and] Gaurav Kumar
250 _a9th ed
260 _aNew Delhi
_bUniversal Law Publishing
_c2010
270 _aC-FF-1A, Dilkhush Industrial Estate, (Near Azadpur Metro Station), G.T. Karnal Road
_bDelhi
_e110033
300 _axxxviii,306p.
_c22cm (pbk)
500 _aIncludes index
650 _aAbsenteeism (Labour)-Law and legislation
_930825
650 _aHoliday-Law & legislation
_930826
700 _aGaurav Kumar
_91517
942 _2ddc
_cEN
_h344.5401
_mKUM
999 _c40301
_d40301